Slovenské národné divadlo Bratislava ... divadelná sezóna ... : hrací plán

Bibliographic Details
New Title:Ročenka Slovenského národného divadla ...
Other Authors: Abrahámová, Darina, 1959- (Compiler)
Format: Serial
Language:Slovak
English
German
PhysicalDescription:zv. fareb. fotogr. 18 x 21 cm
Published: [Bratislava] Slovenské národné divadlo
ISBN:9788097164904 (brož. : 2014/2015)
9788097164928 (brož. : 2015/2016)
9788097164942 (brož. : 2016/2017)
9788097164973 (brož. : 2017/2018)
9788097164997 (brož. : 2018/2019)
Subjects:

MARC

LEADER 00000cas a2200000 a 4500
001 vtls010602904
003 SK-MaSNL
005 20260425194314.0
008 140612d201u2018xo ar 000 b0slo
015 |a SNBB2018-(r. 2014/2015, r. 2015/2016, r. 2016/2017, r. 2017/2018, r. 2018/2019) 
020 |a 9788097164904 (brož. : 2014/2015) 
020 |a 9788097164928 (brož. : 2015/2016) 
020 |a 9788097164942 (brož. : 2016/2017) 
020 |a 9788097164973 (brož. : 2017/2018)  |z 978097164973 
020 |a 9788097164997 (brož. : 2018/2019) 
040 |a SVKBB  |b slo  |c SVKBB  |d SNK  |e AACR2 
041 1 |a slo  |a eng  |a ger 
043 |a e-xo--- 
044 |a xo  |c SK 
072 7 |a 792  |x Divadlo. Divadelné predstavenia  |2 konspekt 
080 |a 792.05-027.542  |2 2011 
080 |a (437.6)  |2 2001 
080 |a 792.09  |2 2011 
080 |a (036)  |2 2011 
080 |a 792.82  |2 2011 
080 |a 792.54  |2 2001 
080 |a (058)  |2 2011 
245 0 0 |a Slovenské národné divadlo Bratislava  |b ... divadelná sezóna ... : hrací plán 
260 |a [Bratislava]  |b Slovenské národné divadlo 
300 |a zv.  |b fareb. fotogr.  |c 18 x 21 cm 
310 |a 1x ročne 
500 |a Zostavili: 2014/2015-2018/2019, Darina Abrahámová ... [et al.] ; 
500 |a Popis podľa: R. 2014/2015 
500 |a Súčasťou podnázvu je označenie poradia divadelnej sezóny a označenie prelomového roku 
546 |a Súbežný anglický a nemecký text 
610 2 7 |a Slovenské národné divadlo  |2 SNKKA  |9 32458 
650 0 7 |a národné divadlá  |2 SNKPH  |9 67018 
650 0 7 |a National theaters  |2 SNKPHeng  |9 274444 
650 0 7 |a Theater performances  |2 SNKPHeng  |9 267160 
650 0 7 |a divadelné predstavenia  |2 SNKPH  |9 3328 
650 0 7 |a baletné inscenácie  |2 SNKPH  |9 3329 
650 0 7 |a Ballet stagings  |2 SNKPHeng  |9 274445 
650 0 7 |a operné inscenácie  |2 SNKPH  |9 3330 
650 0 7 |a opera performances  |2 SNKPHeng  |9 274446 
651 7 |a Bratislava (Slovensko)  |2 SNKPHgeo  |9 14568 
651 7 |a Bratislava (Slovakia)  |2 SNKPHeng  |9 171234 
655 7 |a ročenky  |2 SNKPH  |9 57146 
655 7 |a Yearbooks  |2 SNKPHeng  |9 120938 
655 7 |a informačné publikácie  |2 SNKPH  |9 70181 
655 7 |a Information publications  |2 SNKPHeng  |9 265188 
700 1 |a Abrahámová, Darina,  |d 1959-  |4 com  |9 115394 
785 0 0 |t Ročenka Slovenského národného divadla ...  |w vtls011910763 
852 |a Štátna vedecká knižnica v Banskej Bystrici 
910 |a svkbb 
910 |a snk 
919 |a 978-80-971649-0-4 
919 |a 978-80-971649-2-8 
919 |a 978-80-971649-4-2 
919 |a 978-80-971649-7-3 
919 |a 978-80-971649-9-7 
999 |c 10101  |d 12031 
952 |a SNK  |b SNK  |y PREZ  |7 0  |p 17A1339676  |o snkČSD 2494/2018-2019  |i snk2018/24442  |8 0  |0 0  |1 0  |4 0  |d 2018-11-19  |l 0  |r 2026-02-21 22:06:26  |w 2026-02-21 
952 |a SNK  |b SNK  |y PREZ  |7 0  |p 17A1339677  |o snkČSD 2494/2018-2019 D1  |i snk2018/24443  |8 0  |0 0  |1 0  |4 0  |d 2018-11-19  |l 0  |r 2026-02-21 22:06:26  |w 2026-02-21 
952 |a SNK  |b SNK  |y PREZ  |7 0  |p 17A1327353  |o snkČSD 2494/2014-2015  |i snk2018/16530  |8 0  |z 95. divadelná sezóna  |0 0  |1 0  |4 0  |d 2018-08-07  |l 0  |r 2026-02-21 22:20:17  |w 2026-02-21 
952 |a SNK  |b SNK  |y PREZ  |7 0  |p 17A1327354  |o snkČSD 2494/2015-2016  |i snk2018/16531  |8 0  |z 96. divadelná sezóna  |0 0  |1 0  |4 0  |d 2018-08-07  |l 0  |r 2026-02-21 22:20:17  |w 2026-02-21 
952 |a SNK  |b SNK  |y PREZ  |7 0  |p 17A1327355  |o snkČSD 2494/2015-2016 D1  |i snk2018/16532  |8 0  |z 96. divadelná sezóna  |0 0  |1 0  |4 0  |d 2018-08-07  |l 0  |r 2026-02-21 22:20:17  |w 2026-02-21 
952 |a SNK  |b SNK  |y PREZ  |7 0  |p 17A1327356  |o snkČSD 2494/2016-2017  |i snk2018/16533  |8 0  |z 97. divadelná sezóna  |0 0  |1 0  |4 0  |d 2018-08-07  |l 0  |r 2026-02-21 22:20:17  |w 2026-02-21 
952 |a SNK  |b SNK  |y PREZ  |7 0  |p 17A1327357  |o snkČSD 2494/2016-2017 D1  |i snk2018/16534  |8 0  |z 97. divadelná sezóna  |0 0  |1 0  |4 0  |d 2018-08-07  |l 0  |r 2026-02-21 22:20:17  |w 2026-02-21 
952 |a SNK  |b SNK  |y PREZ  |7 0  |p 17A1327358  |o snkČSD 2494/2017-2018  |i snk2018/16535  |8 0  |z 98. divadelná sezóna  |0 0  |1 0  |4 0  |d 2018-08-07  |l 0  |r 2026-02-21 22:20:17  |w 2026-02-21 
952 |a SNK  |b SNK  |y PREZ  |7 0  |p 17A1327359  |o snkČSD 2494/2017-2018 D1  |i snk2018/16536  |8 0  |z 98. divadelná sezóna  |0 0  |1 0  |4 0  |d 2018-08-07  |l 0  |r 2026-02-21 22:20:17  |w 2026-02-21